Подробности
| 000 -МАРКЕР |
| контрольное поле |
01484nam2a22002771 4500 |
| 001 - ИДЕНТИФИКАТОР ЗАПИСИ |
| контрольное поле |
rc\3553050 |
| 005 - ИДЕНТИФИКАТОР ВЕРСИИ |
| контрольное поле |
20260406083439.0 |
| 021 ## - НОМЕР ГОСУДАРСТВЕННОЙ РЕГИСТРАЦИИ |
| Код страны |
Российская Федерация |
| Номер |
[73-6307] |
| 035 ## - ДРУГИЕ СИСТЕМНЫЕ НОМЕРА |
| Идентификатор записи |
(NLR Aleph) 007678024 |
| 100 ## - ДАННЫЕ ОБЩЕЙ ОБРАБОТКИ |
| Данные общей обработки |
20130115d1972 |||y0rusy50 ca |
| 101 0# - ЯЗЫК РЕСУРСА |
| Язык текста, звукозаписи и т.д. |
русский |
| 102 ## - СТРАНА ПУБЛИКАЦИИ ИЛИ ПРОИЗВОДСТВА |
| Страна публикации |
Российская Федерация |
| 105 ## - ПОЛЕ КОДИРОВАННЫХ ДАННЫХ: ТЕКСТОВЫЕ МАТЕРИАЛЫ, МОНОГРАФИЧЕСКИЕ |
| Кодированные данные о монографическом текстовом документе |
y z ||||| |
| 200 0# - ЗАГЛАВИЕ И СВЕДЕНИЯ ОБ ОТВЕТСТВЕННОСТИ |
| Основное заглавие |
Вып. 1 |
| Первые сведения об ответственности |
[Сост. профессора Ф.А. Коган-Бернштейн и М.Т. Панченкова] |
| 210 ## - ПУБЛИКАЦИЯ, РАСПРОСТРАНЕНИЕ И ДР. |
| Дата издания, распространения и т.д. |
1972 |
| Место издания, распространения и т.д. |
Б. м. |
| 215 ## - ФИЗИЧЕСКАЯ ХАРАКТЕРИСТИКА |
| Специфическое обозначение материала и объем |
83 с. |
| 461 #0 - УРОВЕНЬ НАБОРА |
| Встроенное поле |
001rc\3553049 |
| -- |
2001#$aВопросы историографии в курсах всеобщей истории$eУчеб. пособие для заочников$eВып. 1-$fМ-во высш. и сред. спец. образования РСФСР. Моск. гос. ист.-арх. ин-т$vВып. 1 |
| Системный номер (АБИС) связанной записи |
6507319 |
| Место публикации |
Москва |
| Дата публикации |
1972- |
| Первые сведения об ответственности |
М-во высш. и сред. спец. образования РСФСР. Моск. гос. ист.-арх. ин-т |
| Имя издателя, распространителя и т.д. |
Б. и. |
| Сведения, относящиеся к заглавию |
Учеб. пособие для заочников : Вып. 1- |
| Заглавие |
Вопросы историографии в курсах всеобщей истории |
| Номер тома |
Вып. 1 |
| 702 #1 - ИМЯ ЛИЦА - ВТОРИЧНАЯ ОТВЕТСТВЕННОСТЬ |
| Код отношения |
Составитель |
| Графика поля |
Кириллица |
| Материалы, к которым относится поле |
rus |
| Начальный элемент ввода |
Коган-Бернштейн |
| Часть имени, кроме начального элемента ввода |
Ф. А. |
| Даты |
1899-1976 |
| Расширение инициалов личного имени |
Фаина Абрамовна |
| Идентификатор авторитетной/нормативной записи |
RU\NLR\AUTH\770278193 |
| Системный номер авторитетной/нормативной записи |
2650160 |
| 702 #1 - ИМЯ ЛИЦА - ВТОРИЧНАЯ ОТВЕТСТВЕННОСТЬ |
| Начальный элемент ввода |
Панченкова |
| Часть имени, кроме начального элемента ввода |
М.Т. |
| Код отношения |
Составитель |
| 801 #0 - ИСТОЧНИК ЗАПИСИ |
| Страна |
Российская Федерация |
| Организация |
NLR |
| Правила каталогизации |
psbo |
| 801 #1 - ИСТОЧНИК ЗАПИСИ |
| Страна |
Российская Федерация |
| Организация |
ELAR |
| Источник данных |
rusmarc |
| 852 ## - МЕСТОНАХОЖДЕНИЕ И ШИФР ХРАНЕНИЯ |
| Идентификатор организации |
NLR |
| Шифр хранения (Call Number) |
72-4/38440 |
| 942 ## - ДОПОЛНИТЕЛЬНЫЕ ЭЛЕМЕНТЫ ЗАПИСИ (АБИС) |
| Тип экземпляра АБИС |
Книга |
| 980 ## - КОЛЛЕКЦИЯ |
| Название коллекции |
Национальная библиография |